| 000 | 00662 a2200193 4500 | ||
|---|---|---|---|
| 999 |
_c352 _d352 |
||
| 020 | _a9780431093116 | ||
| 050 | 0 | 0 | _aBM573. PEN 2000 |
| 100 | 1 | _aPenney, Sue. | |
| 245 | 0 | 0 |
_aBuddhism / _cSue Penney. |
| 264 |
_aOxford: _bHeinmenn publishing., _c2000 |
||
| 300 |
_a48 p. : _bcol. ill., col. maps ; |
||
| 440 | 0 | _aWorld beliefs and cultures | |
| 500 | _alncludes index. | ||
| 504 | _aIncludes bibliographical references (p. 48) | ||
| 650 | 0 | _aBuddhism | |
| 650 | 1 | _aBuddhism. | |
| 942 |
_2lcc _cBK _h573 _iPEN _kBM |
||